000 01085nmc a2200397 a 4500
003 AR-BaBNM
005 20251128203440.0
008 087019s1967 ||||||||||||||000 | spa||
040 _cAR-BaBNM
100 1 _aAnderson Imbert, Enrique
245 1 0 _aHistoria de la literatura hispanoamericana
_bla colonia : cien años de república. 1
250 _a6ª ed.
260 _aMéxico, D.F.
_bFondo de Cultura Económica
_c1967
300 _a473 p.
490 0 _aBreviarios
_vv. 89
500 _aContiene índice de autores en p. 443
650 4 _aROMANTICISMO
650 4 _aCRITICA LITERARIA
650 4 _aLITERATURA LATINOAMERICANA
650 4 _aHISTORIA LITERARIA
650 4 _aREFORMA RELIGIOSA
650 4 _aCATOLICISMO
650 4 _aRENACIMIENTO
650 4 _aCLASICISMO
653 _aDESCUBRIMIENTO DE AMERICA
653 _aCRONICAS
653 _aBARROCO
653 _aILUSTRACION
653 _aNEOCLASICISMO
653 _aPARNASIANISMO
653 _aMODERNISMO
653 _aNATURALISMO
655 _aLITERATURA
942 _cBK
998 _cMARTIN
999 _c3429
_d3429